Loading...
| History - American | 0 | 6 | 0 | 0 | 60 | 16 | 45.50 | 3 | 3 | 30.70 | 39.77 |
| History - European | 0 | 5 | 0 | 1 | 50 | 16 | 73.20 | 1 | 2 | 15.29 | 25.00 |
| Religion | 0 | 3 | 0 | 0 | 30 | 34 | 60.33 | 2 | 2 | 12.67 | 20.45 |
| Social Science | 0 | 3 | 1 | 0 | 25 | 28 | 59.67 | 0 | 2 | 16.71 | 23.44 |
| Current Events | 0 | 2 | 0 | 0 | 20 | 18 | 57.50 | 0 | 1 | 15.67 | 16.67 |
| Painting/Sculpture | 0 | 2 | 0 | 0 | 20 | 40 | 48.50 | 1 | 2 | 10.54 | 14.77 |
| Pop Culture | 0 | 2 | 1 | 1 | 15 | 68 | 92.50 | 0 | 0 | 5.87 | 6.85 |
| History - World | 0 | 2 | 1 | 1 | 15 | 57 | 83.50 | 0 | 0 | 4.46 | 5.84 |
| Philosophy | 0 | 1 | 0 | 0 | 10 | 53 | 53.00 | 1 | 1 | 6.00 | 12.50 |
| Literature - American | 0 | 1 | 0 | 0 | 10 | 56 | 56.00 | 0 | 1 | 4.59 | 4.55 |
| Fine Arts - Other | 0 | 1 | 0 | 0 | 10 | 75 | 75.00 | 0 | 1 | 2.20 | 7.95 |
| Geography | 0 | 1 | 0 | 0 | 10 | 49 | 49.00 | 1 | 1 | 11.69 | 20.00 |
| Science - Other | 0 | 1 | 0 | 1 | 10 | 91 | 91.00 | 0 | 0 | 0.98 | 4.55 |
| Science - Chemistry | 0 | 1 | 1 | 0 | 5 | 55 | 55.00 | 0 | 0 | 4.09 | 4.55 |
| History - Other | 0 | 1 | 1 | 1 | 5 | 107 | 107.00 | 0 | 0 | 0.00 | 1.30 |
| Literature - British | 0 | 0 | 1 | 0 | -5 | 0.00 | 0 | 0 | 0.00 | 0.00 | |
| Science - Physics | 0 | 0 | 1 | 0 | -5 | 0.00 | 0 | 0 | 0.00 | 0.00 | |
| Literature - World | 0 | 0 | 1 | 0 | -5 | 0.00 | 0 | 0 | 0.00 | 0.00 | |
| Mythology | 0 | 0 | 2 | 0 | -10 | 0.00 | 0 | 0 | 0.00 | 0.00 |